| 000 | 00936nam a22002657a 4500 | ||
|---|---|---|---|
| 999 |
_c7347 _d7347 |
||
| 003 | AR-CdUCM | ||
| 008 | 190320b ||||| |||| 00| 0 spa d | ||
| 020 | _a968-451-322-4 | ||
| 040 |
_aMUNICIPALIDAD PROVINCIAL DEL CUSCO _cBIBLIOTECA MUNICIPAL DEL CUSCO |
||
| 082 |
_a660.202 / _bP46 |
||
| 100 |
_aPerry John Howard _920700 |
||
| 245 |
_aManual del Ingeniero QuĂmico : _bPreparado por un grupo de especialistas / |
||
| 260 |
_aMexico : _bMc Graw-Hill, _c1982. |
||
| 300 |
_a6 tomos ; _bIlustraciones, cuadros, dibujos, trazos _c26c cm. |
||
| 500 | _acoleccion de 6 tomos | ||
| 505 | _aContenido: v.2 tablas matematicas -- datos de fisica -- mecanica de fluidos -- manejo de solidos -- liquidos-- | ||
| 650 |
_aQumico _920701 |
||
| 650 |
_aIngeniero _920702 |
||
| 650 |
_aCinetica _920703 |
||
| 650 |
_aFluidos _918908 |
||
| 650 |
_aGases _919693 |
||
| 700 |
_aChilton, Cecil H. _920704 |
||
| 942 |
_2ddc _cLIBROS |
||
| 945 | _apjha | ||